| 000 -LEADER |
| fixed length control field |
01791cam a22004214a 4500 |
| 001 - CONTROL NUMBER |
| control field |
14329849 |
| 003 - CONTROL NUMBER IDENTIFIER |
| control field |
NUST |
| 005 - DATE AND TIME OF LATEST TRANSACTION |
| control field |
20220818114032.0 |
| 008 - FIXED-LENGTH DATA ELEMENTS--GENERAL INFORMATION |
| fixed length control field |
060405s2007 mauab j b 001 0 eng |
| 010 ## - LIBRARY OF CONGRESS CONTROL NUMBER |
| LC control number |
2006011534 |
| 020 ## - INTERNATIONAL STANDARD BOOK NUMBER |
| International Standard Book Number |
9780618581313 (hardcover) |
| 020 ## - INTERNATIONAL STANDARD BOOK NUMBER |
| International Standard Book Number |
0618581316 (hardcover) |
| 035 ## - SYSTEM CONTROL NUMBER |
| System control number |
(OCoLC)ocm67345881 |
| 035 ## - SYSTEM CONTROL NUMBER |
| System control number |
(OCoLC)67345881 |
| 037 ## - SOURCE OF ACQUISITION |
| Source of stock number/acquisition |
Junior Library Guild |
| Note |
http://www.juniorlibraryguild.com |
| 038 ## - RECORD CONTENT LICENSOR |
| Staff Name |
Azhar |
| 040 ## - CATALOGING SOURCE |
| Original cataloging agency |
DLC |
| Transcribing agency |
DLC |
| Modifying agency |
BKX |
| -- |
BAKER |
| -- |
BTCTA |
| -- |
TEF |
| -- |
DLC |
| 042 ## - AUTHENTICATION CODE |
| Authentication code |
pcc |
| -- |
lcac |
| 050 00 - LIBRARY OF CONGRESS CALL NUMBER |
| Classification number |
GC232 |
| Item number |
.B87 2007 |
| 082 ## - DEWEY DECIMAL CLASSIFICATION NUMBER |
| Classification number |
551.462 |
| Author Mark |
BUR |
| 100 1# - MAIN ENTRY--PERSONAL NAME |
| Personal name |
Burns, Loree Griffin. |
| 9 (RLIN) |
97962 |
| 245 10 - TITLE STATEMENT |
| Title |
Tracking trash : |
| Remainder of title |
flotsam, jetsam, and the science of ocean motion |
| Statement of responsibility, etc. |
Loree Griffin Burns. |
| 260 ## - PUBLICATION, DISTRIBUTION, ETC. |
| Place of publication, distribution, etc. |
Boston : |
| Name of publisher, distributor, etc. |
Houghton Mifflin, |
| Date of publication, distribution, etc. |
2007. |
| 300 ## - PHYSICAL DESCRIPTION |
| Extent |
56 p. : |
| Other physical details |
ill. (chiefly col.), col. maps ; |
| Dimensions |
24 x 29 cm. |
| 440 #0 - SERIES STATEMENT/ADDED ENTRY--TITLE |
| Title |
Scientists in the field |
| 9 (RLIN) |
97963 |
| 504 ## - BIBLIOGRAPHY, ETC. NOTE |
| Bibliography, etc. note |
Includes bibliographical references (p. 56) and index. |
| 520 ## - SUMMARY, ETC. |
| Summary, etc. |
Describes the work of a man who tracks trash as it travels great distances by way of ocean currents. |
| 586 8# - AWARDS NOTE |
| Awards note |
A Junior Library Guild selection |
| 650 #0 - SUBJECT ADDED ENTRY--TOPICAL TERM |
| Topical term or geographic name entry element |
Ocean currents |
| Form subdivision |
Juvenile literature. |
| 9 (RLIN) |
97964 |
| 650 #0 - SUBJECT ADDED ENTRY--TOPICAL TERM |
| Topical term or geographic name entry element |
Marine debris |
| Form subdivision |
Juvenile literature. |
| 9 (RLIN) |
97965 |
| 650 #1 - SUBJECT ADDED ENTRY--TOPICAL TERM |
| Topical term or geographic name entry element |
Ocean currents. |
| 9 (RLIN) |
97966 |
| 650 #1 - SUBJECT ADDED ENTRY--TOPICAL TERM |
| Topical term or geographic name entry element |
Pollution. |
| 9 (RLIN) |
2629 |
| 856 42 - ELECTRONIC LOCATION AND ACCESS |
| Materials specified |
Publisher description |
| Uniform Resource Identifier |
<a href="http://www.loc.gov/catdir/enhancements/fy0702/2006011534-d.html">http://www.loc.gov/catdir/enhancements/fy0702/2006011534-d.html</a> |
| 856 42 - ELECTRONIC LOCATION AND ACCESS |
| Materials specified |
Contributor biographical information |
| Uniform Resource Identifier |
<a href="http://www.loc.gov/catdir/enhancements/fy0736/2006011534-b.html">http://www.loc.gov/catdir/enhancements/fy0736/2006011534-b.html</a> |
| 906 ## - LOCAL DATA ELEMENT F, LDF (RLIN) |
| a |
7 |
| b |
cbc |
| c |
orignew |
| d |
1 |
| e |
ecip |
| f |
20 |
| g |
y-gencatlg |
| 942 ## - ADDED ENTRY ELEMENTS (KOHA) |
| Source of classification or shelving scheme |
|
| Koha item type |
Lincoln Corner |